书目信息 |
| 书名: | Light transmission optics | |
| 作者: | Dietrich Marcuse. | |
| 分册号: | ||
| 分册名: | 出版地: | New York : |
|
| 出版社: | Van Nostrand Reinhold | |
| 出版时间: | c1982. | |
| 页数: | ix, 534 p. : | |
| 开本: | 24 cm. | |
| 丛书名: | Van Nostrand Reinhold electrical/computer science and engineering series | |
| 中图分类号: | ||
| 科图分类号: | ||
| 其他分类号: | O43:H31 | |
| 主题词: | ||
| 电子资源: | ||
| 000 | 00984pam a2200301 a 450 | |
| 001 | E0732938377 | |
| 005 | 20070303091216.70 | |
| 008 | 811119s1982 nyua b 001 0 eng | |
| 010 | @a81021804 | |
| 020 | @a0442263090. | |
| 035 | @A(DLC) 81021804 | |
| 040 | @aDLC@cDLC@dDLC | |
| 050 | 00 | @aQC389@b.M37 1982 |
| 082 | 00 | @a535/.3@2 19 |
| 090 | @aO43:H31 | |
| 099 | @dO43:H31@ex42 | |
| 100 | 1 | @aMarcuse, Dietrich,@d1929- |
| 245 | 10 | @aLight transmission optics / @cDietrich Marcuse. |
| 250 | @a2nd ed. | |
| 260 | @aNew York :@bVan Nostrand Reinhold,@cc1982. | |
| 300 | @aix, 534 p. :@bill. ;@c24 cm. | |
| 440 | 0 | @aVan Nostrand Reinhold electrical/computer science and engineering series |
| 504 | @aIncludes bibliographical references and index. | |
| 650 | 0 | @aOptical wave guides. |
| 650 | 0 | @aFiber optics. |
| 650 | 0 | @aLight@xTransmission. |
| 906 | @a7@bcbc@corignew@d1@eocip@f19@gy-gencatlg | |
| 991 | @bc-GenColl@hQC389@i.M37 1982@p00017715057@tCopy 1@wBOOKS | |
| Light transmission optics / / Dietrich Marcuse.-2nd ed.-New York : : Van Nostrand Reinhold, , c1982. |
| ix, 534 p. : : ill. ; ; 24 cm.- (Van Nostrand Reinhold electrical/computer science and engineering series ) |
| Includes bibliographical references and index. |
| ISBN 0442263090. |
| ● |
| 相关链接 |
|
|
|
|
正题名:Light transmission optics
索取号:O43:H31/x42
 
预约/预借
| 序号 | 登录号 | 条形码 | 馆藏地/架位号 | 状态 | 备注 |
| 1 | 136959 | 202458465 | 第四借阅区/ [索取号:O43:H31/x42] | 在馆 | |
| 2 | 136960 | 202460498 | 第四借阅区/ [索取号:O43:H31/x42] | 在馆 | |
| 3 | 136961 | 202458410 | 第四借阅区/ [索取号:O43:H31/x42] | 在馆 | |
| 4 | 136962 | 202460489 | 第四借阅区/ [索取号:O43:H31/x42] | 在馆 |